00531 2200205 4500001002100000008004100021035002000062245004400082100001800126110001900144260003000163300001200193020001800205084001400223082000800237650001900245990002100264990001900285990002100304INLIS000000000001197 ind  a0010-0724001197 aElektronik Di Rumah KitacHadi Karyanto aHadi Karyanto aKaryanto, Hadi aBandungbPakar Rayac2007 a60 hlm. a979-534-420-X a621 HAD e a621 aFisika Terapan aP29/CP/24/1197.1 aP29/CP/24/1197 aP29/CP/24/1197.2